|
|
|
|
| LEADER |
00000nam0a2200000 4500 |
| 001 |
354781 |
| 005 |
20231102010727.0 |
| 035 |
|
|
|a (RuTPU)RU\TPU\retro\12040
|
| 090 |
|
|
|a 354781
|
| 100 |
|
|
|a 20200625d1979 m y0rusy50 ca
|
| 101 |
0 |
|
|a rus
|
| 102 |
|
|
|a RU
|
| 105 |
|
|
|a a j 001zy
|
| 200 |
1 |
|
|a Электрическая дуга и дуговые сталеплавильные печи
|e учебное пособие по курсу дуговые электрические печи
|f В. П. Цишевский
|g Московский энергетический институт ; под ред. П. Б. Яковлева
|
| 210 |
|
|
|a Москва
|c Изд-во МЭИ
|d 1979
|
| 215 |
|
|
|a 76 с.
|c ил.
|
| 320 |
|
|
|a Библиогр.: с. 75
|
| 606 |
1 |
|
|a Сталеплавильные печи электрические дуговые
|x Режим работы
|x Расчет
|2 stltpush
|3 (RuTPU)RU\TPU\subj\56219
|9 74133
|
| 610 |
1 |
|
|a электрическая дуга
|
| 610 |
1 |
|
|a учебные пособия
|
| 610 |
1 |
|
|a дуга переменного тока
|
| 610 |
1 |
|
|a электрические характеристики
|
| 610 |
1 |
|
|a мощность
|
| 610 |
1 |
|
|a трехфазные цепи
|
| 610 |
1 |
|
|a назначение
|
| 610 |
1 |
|
|a применение
|
| 610 |
1 |
|
|a конструкции
|
| 610 |
1 |
|
|a электроды
|
| 610 |
1 |
|
|a электромагнитное перемешивание
|
| 675 |
|
|
|a 669.187.2(075.8)
|v 4
|
| 700 |
|
1 |
|a Цишевский
|b В. П.
|g Всеволод Петрович
|
| 702 |
|
1 |
|a Яковлев
|b П. Б.
|4 340
|
| 712 |
0 |
2 |
|a Московский энергетический институт
|c (1930-1992)
|2 stltpush
|3 (RuTPU)RU\TPU\col\20092
|9 27693
|
| 801 |
|
1 |
|a RU
|b 63413507
|c 20200625
|
| 801 |
|
2 |
|a RU
|b 63413507
|c 20210115
|g RCR
|
| 942 |
|
|
|c BK
|